| 000 | 00374nam a2200145Ia 4500 | ||
|---|---|---|---|
| 003 | OSt | ||
| 005 | 20231221064400.0 | ||
| 008 | 170524s9999 xx 000 0 und d | ||
| 020 | _a9788126134328 | ||
| 040 | _cIIMT UNIVERSITY | ||
| 100 | _aSENGAR- SHAILENDRA | ||
| 245 | 0 | _aJournalism, Advertisement and Public Relations | |
| 260 | _bANMOL PUB. : NEW DELHI | ||
| 942 |
_2ddc _c02 |
||
| 999 |
_c9207 _d9207 |
||